[Event "I Weekend A"]
[Site "Noale ITA"]
[Date "2008.02.10"]
[Round "5"]
[White "Vianello, Enrico"]
[Black "Del Monaco, Andrea"]
[Result "0-1"]
[WhiteElo "2161"]
[BlackElo "2263"]
[PlyCount "70"]
[EventDate "2008.02.08"]

1. d4 d5 2. c4 dxc4 3. Nf3 Nf6 4. e3 Bg4 5. Bxc4 e6 6. Qb3 Bxf3 7. gxf3 Nbd7 8.
Nc3 a6 9. Qxb7 c5 10. d5 Rb8 11. Qxa6 Rb6 12. Qa5 exd5 13. Nxd5 Nxd5 14. Bxd5
Bd6 15. Qa4 O-O 16. f4 Rb4 17. Qc2 Bxf4 18. a3 Ne5 19. Qd1 Rd4 20. Bxf7+ Rxf7
21. exd4 Qd5 22. dxe5 Qxh1+ 23. Ke2 Qe4+ 24. Kf1 Bg3 25. Be3 Bxf2 26. Bxf2 Qh1+
27. Ke2 Qf3+ 28. Kd2 Rd7+ 29. Ke1 Qh1+ 30. Ke2 Qe4+ 31. Kf1 Rxd1+ 32. Rxd1 Qxe5
33. Rc1 Qxb2 34. Rxc5 Qxa3 35. Rf5 Qd3+ 0-1

[Event "I Weekend A"]
[Site "Noale ITA"]
[Date "2008.02.10"]
[Round "5"]
[White "Vincenzi, Marco"]
[Black "Rigo, Gianfrancesco"]
[WhiteElo "2074"]
[BlackElo "2031"]
[Result "1-0"]
[PlyCount "91"]
[EventDate "2008.02.08"]

1. e4 c5 2. Nf3 g6 3. d4 cxd4 4. Nxd4 Nc6 5. Nxc6 bxc6 6. Qd4 Nf6 7. e5 Qa5+ 8.
Bd2 Qd5 9. Qxd5 Nxd5 10. Nc3 Nxc3 11. Bxc3 Bg7 12. O-O-O O-O 13. Bc4 Rb8 14.
Rhe1 d5 15. exd6 Bxc3 16. bxc3 exd6 17. Rxd6 Rb6 18. Re7 Ba6 19. Bb3 c5 20.
Rdd7 c4 21. Ba4 Bc8 22. Rxa7 Be6 23. Be8 Rb8 24. Bc6 Rfd8 25. a4 Rb6 26. Be8
Rdb8 27. Bxf7+ Bxf7 28. Rxf7 Rb1+ 29. Kd2 Rd8+ 30. Rfd7 Re8 31. Re7 Rd8+ 32.
Rad7 Rbb8 33. Rg7+ Kh8 34. Rxh7+ Kg8 35. Rhg7+ Kh8 36. Rge7 Rf8 37. Ke3 Rbe8
38. Kd4 Rxe7 39. Rxe7 Ra8 40. Kxc4 Rxa4+ 41. Kb3 Ra1 42. c4 Rf1 43. Rf7 Kg8 44.
Rf3 Re1 45. c5 Re4 46. c6 1-0

[Event "I Weekend A"]
[Site "Noale ITA"]
[Date "2008.02.10"]
[Round "5"]
[White "Xia, Jie"]
[Black "Solinas, Carlo"]
[Result "0-1"]
[WhiteElo "2222"]
[BlackElo "2047"]
[PlyCount "90"]
[EventDate "2008.02.08"]

1. d4 Nf6 2. Nf3 g6 3. Bg5 Bg7 4. Nbd2 d5 5. e3 O-O 6. Bd3 Nbd7 7. O-O Re8 8.
c4 e6 9. b4 h6 10. Bh4 g5 11. Bg3 Nh5 12. Qb3 Nxg3 13. hxg3 c6 14. b5 g4 15.
Nh2 Qg5 16. bxc6 bxc6 17. Qa4 Nb6 18. Qxc6 Ba6 19. Rfc1 Rac8 20. Qd6 Bf8 21.
Qf4 Qxf4 22. gxf4 dxc4 23. Bf1 f5 24. a4 Bb4 25. Rc2 Bxd2 26. Rxd2 c3 27. Rc2
Bxf1 28. Nxf1 Nd5 29. Rac1 Rc4 30. Ng3 Rec8 31. e4 Nb4 32. Re2 Nd3 33. Rxc3
Rxc3 34. exf5 Nxf4 35. Re4 Rc1+ 36. Kh2 Nd3 37. fxe6 Nxf2 38. Rf4 h5 39. Nf5
Rh1+ 40. Kg3 h4+ 41. Kxf2 Rc2+ 42. Ke3 Rxg2 43. d5 h3 44. Ke4 h2 45. Ne3 Re2
0-1

[Event "I Weekend A"]
[Site "Noale ITA"]
[Date "2008.02.10"]
[Round "5"]
[White "Zangrando, Gianpietro"]
[Black "Verducci, Gianni"]
[WhiteElo "1830"]
[BlackElo "2018"]
[Result "0-1"]
[PlyCount "184"]
[EventDate "2008.02.08"]

1. c4 e5 2. Nc3 Nc6 3. g3 Nf6 4. Bg2 Bc5 5. e3 O-O 6. a3 a5 7. Nge2 Re8 8. d3
d6 9. O-O Bg4 10. h3 Bh5 11. Qb3 Bb6 12. Qc2 Qd7 13. Kh2 Bg6 14. Bd2 Qf5 15.
Ne4 Rad8 16. Nxf6+ Qxf6 17. Bc3 Qe7 18. b4 axb4 19. axb4 Rb8 20. b5 Nd8 21. Ba5
Bxa5 22. Rxa5 Ne6 23. Rfa1 Nc5 24. e4 Qf6 25. Nc3 c6 26. Nd1 Bh5 27. Ne3 Bf3
28. Nf5 Bxg2 29. Kxg2 g6 30. Nh6+ Kg7 31. Ng4 Qg5 32. Ne3 Ne6 33. h4 Qf6 34.
Ng4 Qe7 35. Ra7 Nd4 36. Qd2 h5 37. Qh6+ Kg8 38. Nh2 Qf6 39. b6 Qg7 40. Qxg7+
Kxg7 41. Nf1 Nb3 42. R1a3 Nc5 43. Ne3 Nd7 44. Rb3 Nc5 45. Rba3 Kf6 46. Kf3 Ke6
47. Ke2 f5 48. f3 Rg8 49. R7a5 Nd7 50. Ra7 Rg7 51. Rb3 Nc5 52. Rba3 Rf7 53. Ra8
Rff8 54. R8a7 f4 55. gxf4 Rxf4 56. Ng2 Rf7 57. Ra8 Rbf8 58. Rxf8 Rxf8 59. Ke3
Nd7 60. f4 Rb8 61. Rb3 Ra8 62. fxe5 dxe5 63. Rc3 Ra2 64. Ne1 c5 65. Rb3 Kf6 66.
Nf3 Ra6 67. Rb2 Nf8 68. Rf2 Ne6 69. Rg2 Nd4 70. Rb2 Ne6 71. Rf2 Rxb6 72. Nd4+
Nf4 73. Nb5 g5 74. Nc7 Rc6 75. hxg5+ Kxg5 76. Rd2 h4 77. Nd5 h3 78. Nxf4 exf4+
79. Kf3 b5 80. cxb5 c4 81. b6 c3 82. Rc2 Rxb6 83. Rxc3 h2 84. Rc1 Rb3 85. Kg2
Rb2+ 86. Kf3 Rd2 87. Rh1 Rxd3+ 88. Kg2 Kg4 89. Rxh2 f3+ 90. Kg1 Kg3 91. Rf2 Rd4
92. Kf1 Rd1# 0-1

[Event "I Weekend B"]
[Site "Noale ITA"]
[Date "2008.02.08"]
[Round "1"]
[White "Alfier, Cecilia"]
[Black "Menin, Massimo"]
[Result "1-0"]
[WhiteElo "1263"]
[BlackElo "1520"]
[PlyCount "135"]
[EventDate "2008.02.08"]

1. e4 e5 2. Nf3 Nc6 3. Bb5 a6 4. Ba4 Nf6 5. d3 b5 6. Bb3 d6 7. Bg5 Be7 8. Bxf6
Bxf6 9. Bd5 Bb7 10. Nbd2 Rb8 11. O-O O-O 12. Nb3 Ne7 13. Bxb7 Rxb7 14. Qd2 c5
15. c4 b4 16. Nc1 Nc6 17. Ne2 Be7 18. a3 a5 19. axb4 axb4 20. Ra2 Qb6 21. Rfa1
Ra7 22. Rxa7 Nxa7 23. Qd1 Nc6 24. h3 f5 25. Nd2 f4 26. Qa4 Qc7 27. f3 Rf6 28.
Nb3 Qd7 29. Na5 Nb8 30. Qxd7 Nxd7 31. Nc6 Bf8 32. Ra8 Rf7 33. Nc1 g5 34. Nd8
Re7 35. Nc6 Re6 36. Ne2 h5 37. g3 Kg7 38. Ra7 Rf6 39. Rxd7+ Rf7 40. Rxf7+ Kxf7
41. gxf4 gxf4 42. Nd8+ Ke7 43. Nb7 Kf6 44. h4 Ke6 45. Kf2 Be7 46. Kg2 Bxh4 47.
Kh3 Bf6 48. Na5 Bd8 49. Nc6 Bc7 50. d4 exd4 51. Nxf4+ Kd7 52. Na7 d5 53. Nxd5
d3 54. Ne3 Bf4 55. Nd1 h4 56. Kxh4 Ke6 57. Kg4 Bb8 58. Nb5 Kf6 59. f4 d2 60.
Kf3 Ke6 61. Ke3 Kf6 62. Kxd2 Bxf4+ 63. Kd3 Ke5 64. b3 Bh6 65. Nf2 Bg7 66. Ke3
Bh6+ 67. Kf3 Bg7 68. Nd3+ 1-0

[Event "I Weekend B"]
[Site "Noale ITA"]
[Date "2008.02.08"]
[Round "1"]
[White "Ballarin, Pietro"]
[Black "Kove, Sotis"]
[Result "1-0"]
[WhiteElo "1625"]
[BlackElo "1401"]
[PlyCount "77"]
[EventDate "2008.02.08"]

1. e4 e5 2. Nf3 Nc6 3. Bb5 d6 4. d4 Bd7 5. Nc3 a6 6. Bxc6 Bxc6 7. dxe5 dxe5 8.
Qxd8+ Rxd8 9. Nxe5 Ne7 10. O-O f6 11. Nf3 Ng6 12. Be3 Bd6 13. Rad1 O-O 14. Nd4
Bd7 15. Nd5 Ne5 16. Bf4 Rfe8 17. f3 Nc4 18. Bxd6 cxd6 19. b3 Ne5 20. c4 Nc6 21.
Ne3 Nxd4 22. Rxd4 Bc6 23. Rfd1 Re6 24. c5 d5 25. Nxd5 Bxd5 26. Rxd5 Rxd5 27.
exd5 Re7 28. Kf2 Kf7 29. b4 Ke8 30. Re1 Kd7 31. Rxe7+ Kxe7 32. Ke3 g6 33. Kd4
Kd7 34. a4 Kc7 35. b5 axb5 36. axb5 h6 37. d6+ Kd7 38. Kd5 g5 39. g4 1-0

[Event "I Weekend B"]
[Site "Noale ITA"]
[Date "2008.02.08"]
[Round "1"]
[White "De Col, Daniele"]
[Black "Chiesa, Roberto"]
[Result "0-1"]
[WhiteElo "1427"]
[BlackElo "1733"]
[PlyCount "66"]
[EventDate "2008.02.08"]

1. e4 e6 2. d4 d5 3. e5 c5 4. c3 Nc6 5. Nf3 Bd7 6. Be2 Nge7 7. Bg5 Qb6 8. Qb3
Qxb3 9. axb3 cxd4 10. cxd4 Nf5 11. Be3 Bb4+ 12. Nbd2 O-O 13. Rd1 Rac8 14. O-O
Ba5 15. Bd3 Nfe7 16. Nb1 Nb4 17. Bd2 Nxd3 18. Bxa5 Nc6 19. Bc3 Ndb4 20. Rd2 Na6
21. Na3 Ncb4 22. Ra1 Rc7 23. Nc2 Nxc2 24. Rxc2 Rfc8 25. Ne1 Rc6 26. Nd3 Rb6 27.
Ra3 Bb5 28. Ne1 Rbc6 29. Ra5 Nc7 30. Ra1 Ba6 31. Ba5 Rxc2 32. Nxc2 Nb5 33. Rd1
Rxc2 0-1

[Event "I Weekend B"]
[Site "Noale ITA"]
[Date "2008.02.08"]
[Round "1"]
[White "Demiraj, Rumi"]
[Black "Zabeo, Gianpaolo"]
[Result "1-0"]
[WhiteElo "1892"]
[BlackElo "1443"]
[PlyCount "37"]
[EventDate "2008.02.08"]

1. e4 e5 2. Bc4 Nf6 3. d3 h6 4. Nf3 Nc6 5. c3 d5 6. exd5 Nxd5 7. O-O Be6 8. b4
Bd6 9. Re1 Qf6 10. Qb3 Nce7 11. Nbd2 Nf4 12. Ne4 Qg6 13. Bxf4 exf4 14. Nxd6+
cxd6 15. Bxe6 fxe6 16. Rxe6 Qf7 17. Rae1 O-O-O 18. Rxe7 Qf8 19. Qc4+ 1-0

[Event "I Weekend B"]
[Site "Noale ITA"]
[Date "2008.02.08"]
[Round "1"]
[White "Facchetti, Lorenzo"]
[Black "Scandiuzzi, Roberto"]
[Result "1-0"]
[WhiteElo "1674"]
[BlackElo "1410"]
[PlyCount "55"]
[EventDate "2008.02.08"]

1. d4 d5 2. c4 Nf6 3. Nc3 e6 4. Bg5 Be7 5. Nf3 O-O 6. e3 Nbd7 7. Bd3 dxc4 8.
Bxc4 Bb4 9. O-O h6 10. Bh4 Be7 11. Qc2 Nh7 12. Bxe7 Qxe7 13. Bd3 f5 14. Ne2
Ndf6 15. Nf4 Qf7 16. Ne5 Qe8 17. Nfg6 c6 18. Nxf8 Nxf8 19. Rac1 Ng6 20. h3 Nd5
21. a3 Nxe5 22. dxe5 Ne7 23. Qb3 Ng6 24. f4 Bd7 25. Bxf5 Rb8 26. Rcd1 Ne7 27.
Bxe6+ Bxe6 28. Qxe6+ 1-0

[Event "I Weekend B"]
[Site "Noale ITA"]
[Date "2008.02.08"]
[Round "1"]
[White "Faggian, Diego"]
[Black "Rigato, Leonardo"]
[Result "0-1"]
[WhiteElo "1359"]
[BlackElo "1583"]
[PlyCount "126"]
[EventDate "2008.02.08"]

1. d4 Nf6 2. c4 g6 3. Nc3 Bg7 4. e4 d6 5. Bd3 O-O 6. Nge2 e5 7. d5 Nbd7 8. b4
a5 9. Qa4 b6 10. Rb1 Bb7 11. O-O axb4 12. Qxb4 Nc5 13. Bc2 Bc8 14. Bd2 Nh5 15.
h3 f5 16. f4 fxe4 17. a4 Nd3 18. Qa3 Ndxf4 19. Nxf4 exf4 20. Nxe4 Bd4+ 21. Kh1
Ng3+ 22. Nxg3 fxg3 23. Qxg3 Be5 24. Rxf8+ Qxf8 25. Qh4 Bd7 26. Kg1 Bxa4 27. Rf1
Bh2+ 28. Kxh2 Qxf1 29. Bxa4 Rxa4 30. Qd8+ Qf8 31. Qxc7 Ra2 32. Be3 Re2 33. Qxb6
Qe7 34. Bg1 Qe5+ 35. Kh1 Qg3 36. Qd8+ Kg7 37. Bd4+ Kh6 38. Qf8+ Kh5 39. Qf1 Re1
40. Qxe1 Qxe1+ 41. Bg1 Qc3 42. c5 dxc5 43. d6 Qe5 44. d7 Qe7 45. Bxc5 Qxd7 46.
Bg1 Qd1 47. Kh2 h6 48. Kh1 Qe1 49. Kh2 Kg5 50. Bb6 h5 51. Bd8+ Kf5 52. Bc7 Ke4
53. Bg3 Qe2 54. Bh4 Kf5 55. Kh1 Qe3 56. Kh2 g5 57. Bg3 h4 58. Bc7 Ke4 59. Bd8
Kd3 60. Bc7 Ke2 61. Bd8 Kf1 62. Bb6 Qxb6 63. g3 Qg1# 0-1

[Event "I Weekend B"]
[Site "Noale ITA"]
[Date "2008.02.08"]
[Round "1"]
[White "Fragni, Enrico"]
[Black "Daccico, Gianni"]
[Result "1-0"]
[WhiteElo "1731"]
[BlackElo "1422"]
[PlyCount "51"]
[EventDate "2008.02.08"]

1. d4 Nf6 2. Nf3 d6 3. Nbd2 g6 4. e4 Bg7 5. Bd3 O-O 6. c3 c5 7. O-O Ne8 8. Re1
e5 9. dxc5 dxc5 10. Nc4 Nc6 11. Be3 b6 12. Qe2 f5 13. Bg5 Qc7 14. exf5 Bxf5 15.
Rad1 Bxd3 16. Rxd3 h6 17. Bh4 g5 18. Bg3 Rf5 19. Nfxe5 Nxe5 20. Nxe5 Bxe5 21.
Bxe5 Qf7 22. f3 Qxa2 23. Qe4 Rxe5 24. Qxe5 Rc8 25. Rd7 a5 26. Qxe8+ 1-0

[Event "I Weekend B"]
[Site "Noale ITA"]
[Date "2008.02.08"]
[Round "1"]
[White "Lucich, Gianni"]
[Black "Cinesi, Giuseppe"]
[Result "1-0"]
[WhiteElo "1565"]
[BlackElo "1323"]
[PlyCount "83"]
[EventDate "2008.02.08"]

1. d4 Nf6 2. c4 e6 3. Nc3 Nc6 4. a3 Be7 5. e4 d6 6. Nf3 O-O 7. Be2 Re8 8. O-O
e5 9. d5 Nd4 10. Nxd4 exd4 11. Qxd4 c5 12. Qd3 Bg4 13. Bxg4 Nxg4 14. Qg3 Ne5
15. b3 Ng6 16. f4 Bf6 17. Bb2 Bh4 18. Qf3 Bf6 19. Nd1 Bd4+ 20. Bxd4 cxd4 21.
Qd3 Qf6 22. g3 h5 23. Nf2 h4 24. Ng4 Qe7 25. Rae1 hxg3 26. hxg3 Qd7 27. Nh2
Rab8 28. Qxd4 b5 29. Rc1 b4 30. a4 a5 31. c5 dxc5 32. Rxc5 Rbc8 33. Rfc1 f5 34.
e5 Qa7 35. d6 Qa6 36. Qd5+ Kh7 37. Nf3 Rcd8 38. Ng5+ Kh8 39. Qh1+ Kg8 40. Qh7+
Kf8 41. Qxg6 Qd3 42. Qf7# 1-0

[Event "I Weekend B"]
[Site "Noale ITA"]
[Date "2008.02.08"]
[Round "1"]
[White "Massarotto, Gianmarco"]
[Black "Castellano, Alfonso"]
[Result "0-1"]
[WhiteElo "1446"]
[BlackElo "1936"]
[PlyCount "44"]
[EventDate "2008.02.08"]

1. Nf3 Nf6 2. g3 c6 3. d3 d5 4. Bg2 Nbd7 5. O-O e5 6. Nbd2 Bd6 7. e4 O-O 8. Nh4
Re8 9. Nf5 Bf8 10. c3 Nb6 11. Ne3 Be6 12. f4 d4 13. cxd4 Qxd4 14. Nb3 Bxb3 15.
Qxb3 Rad8 16. Rd1 exf4 17. gxf4 Ng4 18. Re1 Bc5 19. Kh1 Nf2+ 20. Kg1 Nxd3 21.
Rd1 Nc4 22. Rxd3 Qxd3 0-1

[Event "I Weekend B"]
[Site "Noale ITA"]
[Date "2008.02.08"]
[Round "1"]
[White "Nardin, Antonio"]
[Black "De Nardi, Riccardo"]
[Result "0-1"]
[WhiteElo "1485"]
[BlackElo "1959"]
[PlyCount "66"]
[EventDate "2008.02.08"]

1. e4 c5 2. c4 d6 3. Nc3 Nc6 4. h3 g6 5. Nf3 Bg7 6. Be2 Nf6 7. d3 O-O 8. O-O a6
9. Rb1 Rb8 10. Bf4 b5 11. b3 b4 12. Na4 Qa5 13. Qc1 Nd7 14. Bh6 Nde5 15. Bxg7
Nxf3+ 16. Bxf3 Kxg7 17. Re1 Nd4 18. Re3 Bd7 19. Bd1 Bxa4 20. bxa4 e5 21. h4 f5
22. exf5 Rxf5 23. g4 Rf4 24. Re4 Rxe4 25. dxe4 Qd8 26. g5 Qd7 27. Qe3 Qf7 28.
Be2 Qf4 29. Bd1 Qxh4 30. Rb2 Rf8 31. Kg2 Qf4 32. Rd2 Qh4 33. Bc2 Rf4 0-1

[Event "I Weekend B"]
[Site "Noale ITA"]
[Date "2008.02.08"]
[Round "1"]
[White "Pasqualetto, Lorenzo"]
[Black "Forato, Sergio Paolo"]
[Result "0-1"]
[WhiteElo "1404"]
[BlackElo "1634"]
[PlyCount "124"]
[EventDate "2008.02.08"]

1. e4 c5 2. Nf3 Nc6 3. d4 cxd4 4. Nxd4 e5 5. Nb5 d6 6. N1c3 a6 7. Na3 Be6 8.
Be3 Nf6 9. f3 b5 10. Nd5 Bxd5 11. exd5 Nb8 12. c4 bxc4 13. Nxc4 Nbd7 14. Be2
Be7 15. O-O O-O 16. Kh1 Qb8 17. Qd2 Rc8 18. f4 Ne4 19. Qc2 Nef6 20. fxe5 Nxe5
21. b3 Nxd5 22. Qd2 Nxe3 23. Qxe3 Rc5 24. Nxe5 Rxe5 25. Qf3 Bf6 26. Bc4 Qe8 27.
Rad1 Qd8 28. Qc6 Rc8 29. Qxa6 d5 30. Rxd5 Rxd5 31. Bxd5 Qc7 32. Re1 Rd8 33. Qb5
Be5 34. Rf1 Bf6 35. a4 Qd6 36. Re1 Be5 37. Qe2 Qxd5 38. h3 f6 39. Qf3 Qxf3 40.
gxf3 Rd3 41. b4 Rxf3 42. Kg2 Ra3 43. a5 Ra4 44. Re4 Bc3 45. Re6 Rxb4 46. a6 Ra4
47. Kf3 Kf7 48. Rc6 Kg6 49. Rxc3 Rxa6 50. Rc5 Ra4 51. Rc6 h5 52. Rc1 f5 53.
Rg1+ Kf6 54. Rb1 Ra3+ 55. Kg2 Rd3 56. Rb4 Ke5 57. Rb5+ Ke4 58. Rb4+ Rd4 59.
Rxd4+ Kxd4 60. Kf3 g5 61. Kg3 Ke3 62. h4 f4+ 0-1

[Event "I Weekend B"]
[Site "Noale ITA"]
[Date "2008.02.08"]
[Round "1"]
[White "Patuelli, Matteo"]
[Black "Sorbera, Enrico"]
[Result "1/2-1/2"]
[WhiteElo "1419"]
[BlackElo "1720"]
[PlyCount "93"]
[EventDate "2008.02.08"]

1. Nf3 d6 2. g3 Nf6 3. Bg2 Nbd7 4. O-O c6 5. d3 e5 6. e4 Be7 7. c3 O-O 8. Nbd2
Re8 9. d4 Qc7 10. Qc2 Nf8 11. Nc4 Ng6 12. Bg5 h6 13. Bxf6 Bxf6 14. Rad1 Ne7 15.
dxe5 dxe5 16. Qb3 Be6 17. Qb4 Nc8 18. Nd6 Nxd6 19. Qxd6 Qxd6 20. Rxd6 Bxa2 21.
Rfd1 Be6 22. Ne1 Bb3 23. R1d2 Bg5 24. R2d3 Bc4 25. Rd1 Be2 26. Rb1 Rad8 27.
Rxd8 Rxd8 28. Nf3 Bf6 29. Re1 Bxf3 30. Bxf3 Bg5 31. h4 Be7 32. Rd1 Rxd1+ 33.
Bxd1 a5 34. Bg4 Kf8 35. Bc8 b6 36. Bd7 c5 37. Bb5 g6 38. Kg2 h5 39. Kh3 f5 40.
f3 fxe4 41. fxe4 Kf7 42. g4 hxg4+ 43. Kxg4 Ke6 44. Kg3 Kf7 45. Kg4 Kg7 46. Kg3
Kf6 47. Kg4 1/2-1/2

[Event "I Weekend B"]
[Site "Noale ITA"]
[Date "2008.02.08"]
[Round "1"]
[White "Simionato, Jessica"]
[Black "Franceschini, Corrado"]
[Result "0-1"]
[WhiteElo "1389"]
[BlackElo "1614"]
[PlyCount "49"]
[EventDate "2008.02.08"]

1. d4 Nf6 2. c4 g6 3. Nc3 Bg7 4. e4 d6 5. Bg5 Nbd7 6. Be2 e5 7. d5 h6 8. Bh4 a6
9. Nh3 g5 10. Bg3 Nc5 11. Qc2 a5 12. O-O-O Bd7 13. Ng1 a4 14. h4 g4 15. f4 Nh5
16. Bf2 Nxf4 17. g3 Ng6 18. h5 Ne7 19. Rf1 f5 20. exf5 Nxf5 21. Ne4 Nxe4 22.
Qxe4 Qg5+ 23. Kd1 O-O 24. Bxg4 Nxg3 25. Bxd7 0-1

[Event "I Weekend B"]
[Site "Noale ITA"]
[Date "2008.02.08"]
[Round "1"]
[White "Tomio, Dante"]
[Black "Zen, Gianni"]
[Result "1-0"]
[WhiteElo "1947"]
[BlackElo "1449"]
[PlyCount "137"]
[EventDate "2008.02.08"]

1. d4 g6 2. c4 Bg7 3. Nc3 Nf6 4. e4 d6 5. f3 O-O 6. Be3 a5 7. Bd3 Na6 8. Nge2
Nb4 9. Bb1 b6 10. Qd2 Ba6 11. a3 Nc6 12. Ba2 Qd7 13. h4 e5 14. d5 Na7 15. a4
Nc8 16. g4 Nxg4 17. fxg4 Qxg4 18. O-O-O h5 19. Rdg1 Qd7 20. Bh6 Ne7 21. Bxg7
Kxg7 22. Qg5 Kh7 23. Ng3 f6 24. Qd2 c6 25. Qd1 Qg4 26. Nge2 Qd7 27. Rg3 cxd5
28. cxd5 Rac8 29. Kb1 b5 30. axb5 Bxb5 31. Nxb5 Qxb5 32. Nc3 Qb6 33. Rhg1 Rb8
34. Na4 Qd4 35. Qxd4 exd4 36. Rd3 Rb4 37. b3 f5 38. exf5 Rxf5 39. Nb2 Nxd5 40.
Nd1 Rf4 41. Kb2 Rb8 42. Rg5 Nb4 43. Rdg3 Rc8 44. Bb1 d3 45. Bxd3 Nxd3+ 46. Rxd3
Rc6 47. Rdg3 Rxh4 48. Rxg6 Rg4 49. R6xg4 hxg4 50. Rxg4 Rc5 51. Nc3 Kh6 52. Rd4
Rc6 53. Ne4 Kg6 54. Nxd6 Kf6 55. Nb7 Ke5 56. Ra4 Kd5 57. Nxa5 Ra6 58. Kc3 Kc5
59. Nb7+ Kb6 60. Rxa6+ Kxa6 61. Nc5+ Kb6 62. Kc4 Kc6 63. b4 Kc7 64. Kb5 Kb8 65.
Kb6 Ka8 66. b5 Kb8 67. Nd7+ Ka8 68. Kc7 Ka7 69. b6+ 1-0

[Event "I Weekend B"]
[Site "Noale ITA"]
[Date "2008.02.08"]
[Round "1"]
[White "Trangoni, Bruno"]
[Black "Tasson, Giovanni"]
[Result "1-0"]
[WhiteElo "1972"]
[BlackElo "1517"]
[PlyCount "65"]
[EventDate "2008.02.08"]

1. Nf3 d5 2. d4 Nf6 3. Bf4 Nc6 4. e3 a6 5. c3 e6 6. Bd3 Bd6 7. Ne5 O-O 8. Nd2
Nd7 9. Ndf3 Ncxe5 10. Nxe5 Nxe5 11. Bxe5 Bxe5 12. dxe5 Qg5 13. Qc2 g6 14. f4
Qh4+ 15. g3 Qe7 16. h4 c5 17. h5 c4 18. Be2 Qc5 19. Qd2 Bd7 20. hxg6 fxg6 21.
O-O-O b5 22. e4 Bc6 23. Bg4 Qe7 24. Qh2 Rf7 25. Qh6 dxe4 26. Bxe6 Qxe6 27. Rd6
Qf5 28. Rxc6 Rd8 29. Rf6 Qd7 30. Rxg6+ Rg7 31. Qxh7+ Kf8 32. Qh8+ Ke7 33. Qxg7+
1-0

[Event "I Weekend B"]
[Site "Noale ITA"]
[Date "2008.02.09"]
[Round "2"]
[White "Bagolin, Renzo"]
[Black "Facchetti, Lorenzo"]
[WhiteElo "1866"]
[BlackElo "1674"]
[Result "1-0"]
[PlyCount "107"]
[EventDate "2008.02.08"]

1. c4 Nf6 2. Nf3 e6 3. Nc3 d5 4. cxd5 exd5 5. d4 c6 6. Bg5 Be7 7. e3 Bf5 8. Qb3
Qb6 9. Qxb6 axb6 10. a3 Nbd7 11. Be2 h6 12. Bh4 O-O 13. Ne5 Rfe8 14. Nxd7 Nxd7
15. Bg3 b5 16. O-O Nf6 17. Rfc1 Ne4 18. Nxe4 Bxe4 19. f3 Bh7 20. Kf1 Bg5 21. f4
Be7 22. Be1 Bd6 23. Kf2 Re7 24. Bb4 Bxb4 25. axb4 Ree8 26. Ra5 Rxa5 27. bxa5
Ra8 28. b4 Bf5 29. g4 Be4 30. Bf3 Bxf3 31. Kxf3 Kf8 32. Rc5 Ke7 33. e4 dxe4+
34. Kxe4 Kd6 35. h4 Re8+ 36. Re5 Rd8 37. f5 Rd7 38. Re8 Re7+ 39. Rxe7 Kxe7 40.
d5 Kd6 41. dxc6 Kxc6 42. Ke5 Kd7 43. Kd5 g6 44. fxg6 fxg6 45. Kc5 h5 46. gxh5
gxh5 47. Kxb5 Kc7 48. a6 bxa6+ 49. Kxa6 Kd7 50. b5 Ke6 51. b6 Kf5 52. b7 Kg4
53. b8=Q Kxh4 54. Qh2+ 1-0

[Event "I Weekend B"]
[Site "Noale ITA"]
[Date "2008.02.09"]
[Round "2"]
[White "Battagin, Mose'"]
[Black "Ballarin, Pietro"]
[Result "1-0"]
[WhiteElo "1839"]
[BlackElo "1625"]
[PlyCount "35"]
[EventDate "2008.02.08"]

1. e4 e5 2. Nf3 Nc6 3. Bc4 Bc5 4. d3 h6 5. c3 Nf6 6. b4 Bb6 7. b5 Na5 8. Nxe5
Nxc4 9. Nxc4 d5 10. Nxb6 axb6 11. e5 Nd7 12. d4 Nf8 13. O-O Ne6 14. f4 O-O 15.
Qh5 Kh7 16. f5 Ng5 17. f6 gxf6 18. Rxf6 1-0

[Event "I Weekend B"]
[Site "Noale ITA"]
[Date "2008.02.09"]
[Round "2"]
[White "Bevilacqua, Paride"]
[Black "De Col, Daniele"]
[Result "1/2-1/2"]
[WhiteElo "1443"]
[BlackElo "1427"]
[PlyCount "68"]
[EventDate "2008.02.08"]

1. e4 d5 2. exd5 Qxd5 3. Nc3 Qa5 4. Qe2 Nf6 5. Qb5+ Nc6 6. Qxa5 Nxa5 7. Nb5 Kd8
8. Nf3 Nc6 9. Bc4 e6 10. Bb3 h6 11. d4 a6 12. Nc3 Bd6 13. d5 Ne5 14. Nxe5 Bxe5
15. dxe6 fxe6 16. Bd2 Bd7 17. O-O-O Ke7 18. g3 Rhf8 19. f4 Bd6 20. Rhe1 Rae8
21. f5 e5 22. Nd5+ Nxd5 23. Bxd5 c6 24. Be4 Bxf5 25. Bxf5 Rxf5 26. Re4 Ref8 27.
Rde1 Kd7 28. Bc3 h5 29. Bxe5 Bxe5 30. Rxe5 Rxe5 31. Rxe5 Rf1+ 32. Kd2 Rf2+ 33.
Re2 Rxe2+ 34. Kxe2 Ke6 1/2-1/2

[Event "I Weekend B"]
[Site "Noale ITA"]
[Date "2008.02.09"]
[Round "2"]
[White "Casale, Anania"]
[Black "Lucich, Gianni"]
[Result "1-0"]
[WhiteElo "1739"]
[BlackElo "1565"]
[PlyCount "77"]
[EventDate "2008.02.08"]

1. d4 d5 2. c4 c6 3. Nc3 Nf6 4. Nf3 Bf5 5. e3 e6 6. Be2 Bd6 7. Nh4 Bg6 8. Nxg6
hxg6 9. g3 Nbd7 10. cxd5 exd5 11. Bf3 Qe7 12. O-O O-O-O 13. a3 Rh7 14. Kg2 Rdh8
15. Rh1 g5 16. b4 a6 17. Bd2 Nb6 18. Rc1 Kb8 19. Rb1 Nfd7 20. e4 dxe4 21. Nxe4
f6 22. a4 Nc4 23. b5 axb5 24. axb5 c5 25. dxc5 Bxc5 26. Nxc5 Qxc5 27. Bb4 Qf5
28. Bd6+ Nxd6 29. Qxd6+ Kc8 30. Rbc1+ Kd8 31. Qc7+ Ke8 32. Rce1+ Ne5 33. Qb8+
Kf7 34. Qxb7+ Kf8 35. Qb8+ Ke7 36. Qc7+ Kf8 37. Qd8+ Kf7 38. Bd5+ Kg6 39. Qe7
$139 1-0

[Event "I Weekend B"]
[Site "Noale ITA"]
[Date "2008.02.09"]
[Round "2"]
[White "Castellano, Alfonso"]
[Black "Fragni, Enrico"]
[Result "1-0"]
[WhiteElo "1936"]
[BlackElo "1731"]
[PlyCount "93"]
[EventDate "2008.02.08"]

1. c4 d6 2. Nc3 c6 3. e4 e5 4. d4 Qc7 5. Nf3 Bg4 6. Be2 Nf6 7. Be3 Nbd7 8. O-O
Be7 9. Rc1 O-O 10. b4 a5 11. b5 c5 12. Nd5 Qd8 13. dxc5 dxc5 14. Qc2 b6 15.
Rfd1 Bxf3 16. Bxf3 Re8 17. Rd3 Nxd5 18. Rxd5 Qc7 19. Qc3 Bf8 20. Bg5 h6 21. Bh4
g5 22. Bg3 Bg7 23. Rcd1 Nf8 24. Qd2 Bf6 25. Qc3 Kg7 26. Bh5 Re6 27. Bg4 Re7 28.
Rd6 Rae8 29. Qf3 Nh7 30. Bf5 Re6 31. Rd7 Qb8 32. Bxe6 Rxe6 33. Qf5 Nf8 34. R7d5
Ng6 35. Rd7 Nf8 36. R7d3 Ng6 37. Qg4 Nf8 38. h4 Qe8 39. hxg5 hxg5 40. Bh4 Qe7
41. Rh3 Ng6 42. Bg3 Rd6 43. Rd5 Nf4 44. Bxf4 exf4 45. Qh5 Rxd5 46. Qh8+ Kg6 47.
Qh7# 1-0

[Event "I Weekend B"]
[Site "Noale ITA"]
[Date "2008.02.09"]
[Round "2"]
[White "Chiesa, Roberto"]
[Black "Trangoni, Bruno"]
[Result "0-1"]
[WhiteElo "1733"]
[BlackElo "1972"]
[PlyCount "80"]
[EventDate "2008.02.08"]

1. d4 g6 2. e4 Bg7 3. Nc3 d6 4. f4 a6 5. a4 Nf6 6. Nf3 O-O 7. Be2 Nbd7 8. e5
dxe5 9. fxe5 Ne8 10. O-O c6 11. Be3 h6 12. Qd2 Kh7 13. h3 Nc7 14. Bc4 Nb6 15.
Bb3 Be6 16. Bxe6 Nxe6 17. b3 Qc7 18. a5 Nd5 19. Nxd5 cxd5 20. Rfc1 Rac8 21. c4
Qd7 22. c5 Rc6 23. Rf1 Nc7 24. Nh2 f5 25. exf6 exf6 26. g4 Re6 27. Rae1 Nb5 28.
Nf3 Re4 29. Bf4 Rfe8 30. Bh2 f5 31. gxf5 Qxf5 32. Rxe4 Rxe4 33. Qg2 Qe6 34. Be5
Nxd4 35. Bxg7 Ne2+ 36. Kh1 Nf4 37. Qg4 Qxg4 38. hxg4 Kxg7 39. Rd1 Re3 40. Nh4
Rh3+ 0-1

[Event "I Weekend B"]
[Site "Noale ITA"]
[Date "2008.02.09"]
[Round "2"]
[White "Daccico, Gianni"]
[Black "Nardin, Antonio"]
[Result "0-1"]
[WhiteElo "1422"]
[BlackElo "1485"]
[PlyCount "68"]
[EventDate "2008.02.08"]

1. e4 c6 2. d4 d5 3. Nc3 dxe4 4. Nxe4 Bf5 5. Nc3 e6 6. Nf3 Nd7 7. Bc4 Be7 8.
O-O Bg4 9. Be2 Ngf6 10. Be3 Qc7 11. Qd2 Bb4 12. Ng5 Bxe2 13. Qxe2 Bxc3 14. bxc3
O-O 15. Qf3 Nb6 16. Qh3 Nbd5 17. c4 Nf4 18. Bxf4 Qxf4 19. Qe3 Qf5 20. c3 h6 21.
Nh3 Rfe8 22. Rfe1 Rac8 23. Rab1 b6 24. Qd2 Red8 25. Re5 Qxb1+ 26. Re1 Qg6 27.
g3 c5 28. Nf4 Qg4 29. h3 Qf3 30. Re3 Qc6 31. Re5 cxd4 32. Nh5 Nxh5 33. Rxh5
dxc3 34. Qf4 Rd1+ 0-1

[Event "I Weekend B"]
[Site "Noale ITA"]
[Date "2008.02.09"]
[Round "2"]
[White "De Nardi, Riccardo"]
[Black "Tonolo, Maurizio"]
[Result "1-0"]
[WhiteElo "1959"]
[BlackElo "1734"]
[PlyCount "62"]
[EventDate "2008.02.08"]

1. e4 e6 2. d3 d5 3. Nd2 Nf6 4. Ngf3 c5 5. g3 Nc6 6. Bg2 dxe4 7. dxe4 e5 8. c3
Be7 9. O-O O-O 10. Qc2 Qc7 11. Nc4 Be6 12. Ne3 Rad8 13. Ng5 Qc8 14. f4 Ng4 15.
Nf3 exf4 16. Nxg4 Bxg4 17. Bxf4 Qd7 18. Be3 Qd3 19. Qxd3 Rxd3 20. Kf2 Rfd8 21.
Rfc1 h6 22. Bf1 R3d7 23. Bb5 Bxf3 24. Kxf3 a6 25. Bxc6 bxc6 26. Ke2 f6 27. Rd1
Rxd1 28. Rxd1 Rxd1 29. Kxd1 g5 30. Ke2 Kf7 31. Kf3 31... Kg6 {...} 1-0